000 00632nam a22001697a 4500
008 150409b xxu||||| |||| 00| 0 eng d
020 _a9781133584674
050 _aHD 30.28 I74 2013
100 _aIreland, R. Duane
_d2013
245 _aThe Management of Strategy:
_bConcepts and Cases/
_cR. Duane Ireland, Robert E. Hoskisson and Michael A. Hitt
250 _a10TH Edition
260 _aAustralia:
_bSouth-Western Cengage Learning,
_c2013.
300 _axxvii, 439p.: ill
_bIncludes index
700 _aHoskisson, Robert E.
760 _b10th Edition
942 _2lcc
_cBOOKS
_hHD 30.28 I74 2013
_kHD
_m30.28 I74 2013
999 _c305
_d305